[Event "SPA Open A"]
[Site "Amsterdam NED"]
[Date "2011.07.09"]
[Round "1"]
[White "Hamiti,Gani"]
[Black "Sedlak,N"]
[Result "0-1"]
[WhiteElo "2221"]
[BlackElo "2580"]
[EventDate "2011.07.09"]

1. e4 c5 2. Nf3 d6 3. d4 cxd4 4. Nxd4 Nf6 5. Nc3 g6 6. Be3 Bg7 7. Bc4 O-O
8. f3 Nc6 9. Qd2 Bd7 10. O-O-O Rb8 11. Bb3 Na5 12. Kb1 b5 13. Nd5 Nc4 14.
Nxf6+ Bxf6 15. Bxc4 bxc4 16. c3 Qa5 17. h4 Rb6 18. Ne2 Ra6 19. Nc1 Rb8 20.
Bd4 Bxd4 21. Qxd4 e5 22. Qe3 Rab6 23. Rd2 d5 24. exd5 Qa3 25. Qf2 Qxc3 26.
Ka1 Qa5 0-1

[Event "SPA Open A"]
[Site "Amsterdam NED"]
[Date "2011.07.09"]
[Round "1"]
[White "Popovic,Du"]
[Black "Hovenga,A"]
[Result "1-0"]
[WhiteElo "2569"]
[BlackElo "2221"]
[EventDate "2011.07.09"]

1. e4 c6 2. d4 d5 3. e5 c5 4. dxc5 Nc6 5. a3 e6 6. Nf3 Bxc5 7. Bd3 Qc7 8.
Qe2 Nge7 9. O-O Nd4 10. Nxd4 Bxd4 11. Re1 Ng6 12. Bxg6 hxg6 13. c3 Bc5 14.
Nd2 Bd7 15. Nf3 Be7 16. Be3 a6 17. Bd4 Rc8 18. Qe3 Rh5 19. g4 Rh8 20. g5
Rh5 21. b3 Bc6 22. Qf4 Qd8 23. h4 Bb5 24. Re3 Qc7 25. a4 Bd7 26. Rae1 Kf8
27. Kg2 Kg8 28. Ng1 b5 29. axb5 Bxb5 30. Qg4 Bd7 31. Ne2 Rh8 32. Rh1 Qd8
33. Rg3 Rb8 34. Nf4 Rxb3 35. h5 gxh5 36. Rxh5 Rxh5 37. Qxh5 Ba3 38. Rh3 Kf8
39. Qh8+ Ke7 40. Ng6+ 1-0

[Event "SPA Open A"]
[Site "Amsterdam NED"]
[Date "2011.07.09"]
[Round "1"]
[White "Roebers,J"]
[Black "Haslinger,S"]
[Result "1/2-1/2"]
[WhiteElo "2219"]
[BlackElo "2548"]
[EventDate "2011.07.09"]

1. e4 d6 2. Nc3 e5 3. Nf3 Nf6 4. d4 Nbd7 5. a4 Be7 6. Be2 O-O 7. O-O c6 8.
a5 Re8 9. Re1 Qc7 10. h3 Nf8 11. Be3 Ng6 12. Bf1 Bd7 13. g3 Bf8 14. Bg5 Be7
15. Be3 h6 16. Nd2 exd4 17. Bxd4 b5 18. axb6 axb6 19. Rxa8 Rxa8 20. Nc4 b5
21. e5 dxe5 22. Nxe5 Nxe5 23. Bxe5 Qc8 24. Bd6 Bxd6 25. Qxd6 Qf8 26. Qxf8+
Kxf8 27. b4 Ra3 28. Re3 Ra1 29. g4 Rc1 30. Re2 Be6 31. Rd2 Bc4 32. Nd1 Nd5
33. Bxc4 bxc4 34. b5 c3 35. Rd4 cxb5 36. Rxd5 b4 37. Kg2 b3 38. Nxc3 bxc2
39. Ne2 Re1 40. Rc5 Rxe2 41. Kf3 Rd2 42. Ke3 Rd1 43. Rxc2 Rh1 44. Kf4 Rxh3
45. Rc8+ Ke7 46. Rc7+ Ke6 47. f3 g5+ 48. Ke4 Kf6 49. Rc6+ Kg7 50. Ra6 f6
51. f4 gxf4 52. Kxf4 Kg6 53. Ra8 Rb3 54. Rg8+ Kf7 55. Ra8 Rc3 56. Rb8 Ra3
57. Rc8 Kg7 58. Rb8 Ra4+ 59. Kf5 Ra5+ 60. Kf4 Re5 61. Ra8 Kf7 62. Rb8 Re7
63. Kf5 Re5+ 64. Kf4 Re1 65. Ra8 Rf1+ 66. Kg3 Kg6 67. Rg8+ Kh7 68. Ra8 Kg7
69. Rb8 Kf7 70. Ra8 Re1 71. Kf4 Rd1 72. Rb8 Rd5 73. Ra8 Rg5 74. Rb8 h5 75.
gxh5 Rxh5 76. Kg4 Rg5+ 77. Kf4 Ra5 78. Rc8 Ra1 79. Rb8 Rf1+ 80. Kg4 Ra1 81.
Kf5 Ra5+ 82. Kf4 Rc5 83. Ra8 Rb5 84. Rc8 Ke6 85. Re8+ Kf7 86. Ra8 Rb1 87.
Kf5 Rf1+ 88. Kg4 Ke7 89. Ra7+ Kd6 90. Ra6+ Ke5 91. Ra5+ Ke4 92. Ra4+ Ke5
93. Ra5+ Ke6 94. Ra6+ Kf7 95. Ra8 Kg7 96. Rb8 Kf7 1/2-1/2

[Event "SPA Open A"]
[Site "Amsterdam NED"]
[Date "2011.07.09"]
[Round "1"]
[White "Van Hengel,H"]
[Black "Adhiban,B"]
[Result "0-1"]
[WhiteElo "2203"]
[BlackElo "2542"]
[EventDate "2011.07.09"]

1. e4 c5 2. Nf3 d6 3. d4 cxd4 4. Nxd4 Nf6 5. Nc3 a6 6. Bg5 Nbd7 7. Bc4 Qa5
8. Qd2 e6 9. Bb3 Be7 10. f3 Nc5 11. O-O-O Bd7 12. Kb1 b5 13. h4 b4 14. Nce2
Qc7 15. Qxb4 a5 16. Qc3 O-O 17. a3 Qb7 18. Ka1 Rfc8 19. Qe3 Rab8 20. Rb1 h6
21. Bxf6 Bxf6 22. g4 Bxd4 23. Nxd4 e5 24. Ne2 Nxb3+ 25. cxb3 Qxb3 26. Qxb3
Rxb3 27. Nc3 Be6 28. Rbc1 Rcb8 29. Rh2 Kf8 30. Rd2 Ke7 31. Rcc2 R8b6 32.
Nd5+ Bxd5 33. Rxd5 Rxf3 34. Rxa5 Rf4 35. b4 Rxe4 36. b5 Rxg4 37. a4 f5 38.
Ra7+ Ke6 39. Rb2 f4 40. a5 Rb8 41. b6 f3 42. Rc7 Ra4+ 43. Ra2 Rxa2+ 44.
Kxa2 f2 45. Rc1 e4 0-1

[Event "SPA Open A"]
[Site "Amsterdam NED"]
[Date "2011.07.09"]
[Round "1"]
[White "Vroombout,E"]
[Black "Lenderman,A"]
[Result "0-1"]
[WhiteElo "2175"]
[BlackElo "2525"]
[EventDate "2011.07.09"]

1. e4 c6 2. d4 d5 3. Nd2 dxe4 4. Nxe4 Bf5 5. Ng3 Bg6 6. h4 h6 7. Nf3 e6 8.
h5 Bh7 9. Bd3 Bxd3 10. Qxd3 Nf6 11. Bd2 a5 12. Ne5 Nbd7 13. Qe2 Bb4 14. c3
Bd6 15. Nf5 Bc7 16. Nxg7+ Kf8 17. Nxe6+ fxe6 18. Ng6+ Kf7 19. Nxh8+ Qxh8
20. O-O-O Re8 21. g4 e5 22. Qc4+ Nd5 23. dxe5 Nxe5 24. Qe4 Qg7 25. Rde1 Nf6
26. Qe2 Rd8 27. Reg1 Qh7 28. g5 hxg5 29. Bxg5 Nd3+ 30. Kb1 Nb4+ 0-1

[Event "SPA Open A"]
[Site "Amsterdam NED"]
[Date "2011.07.09"]
[Round "1"]
[White "Horvath,Cs1"]
[Black "Van Eekhout,D"]
[Result "1-0"]
[WhiteElo "2517"]
[BlackElo "2173"]
[EventDate "2011.07.09"]

1. d4 d5 2. c4 e6 3. Nf3 c6 4. Qc2 dxc4 5. Qxc4 b5 6. Qc2 Qb6 7. e4 Bb7 8.
Be3 Nd7 9. Nc3 Rc8 10. Be2 b4 11. Na4 Qa5 12. Nc5 Nxc5 13. dxc5 Ba6 14. Nd2
Bxe2 15. Nb3 Qa4 16. Qxe2 Nf6 17. Qc4 Rb8 18. Nd4 Nd7 19. b3 Ne5 20. Qe2
Qa5 21. f4 Qxc5 22. Rc1 Qb6 23. Nxe6 c5 24. Nxf8 Nc4 1-0

[Event "SPA Open A"]
[Site "Amsterdam NED"]
[Date "2011.07.09"]
[Round "1"]
[White "Pruijssers,R"]
[Black "Tan,Jo NED"]
[Result "1-0"]
[WhiteElo "2461"]
[BlackElo "2153"]
[EventDate "2011.07.09"]

1. e4 e6 2. d4 d5 3. Nc3 Bb4 4. e5 c5 5. a3 Ba5 6. b4 cxd4 7. Nb5 Bc7 8. f4
Bd7 9. Nxc7+ Qxc7 10. Nf3 Ne7 11. Bd3 Ba4 12. O-O a6 13. Nxd4 Nbc6 14. Be3
Nxd4 15. Bxd4 Bb5 16. a4 Bc4 17. Ra3 Nf5 18. Bf2 Bxd3 19. Qxd3 Rc8 20. Bc5
b6 21. Bf2 O-O 22. Qxa6 Qxc2 23. Qd3 Qc7 24. a5 bxa5 25. bxa5 f6 26. Bb6
Qc6 27. exf6 Rxf6 28. Qe2 d4 29. Qf3 Qd6 30. Rd3 Rc2 31. Qa8+ Rf8 32. Qe4
Qc6 33. Qxc6 Rxc6 34. Re1 h5 35. g3 Kf7 36. h3 Kg6 37. Kf2 h4 38. g4 Ne3
39. Bxd4 Nd5 40. f5+ exf5 41. Rf3 Ra6 42. Rxf5 Rxf5+ 43. gxf5+ Kg5 44. Re5
Nf6 45. Be3+ Kh5 46. Ke2 Rd6 47. Re6 Rd5 48. a6 Rxf5 49. a7 Ra5 50. Rd6 1-0

[Event "SPA Open A"]
[Site "Amsterdam NED"]
[Date "2011.07.09"]
[Round "1"]
[White "Tan,Mat"]
[Black "Harmsen,Michiel"]
[Result "1-0"]
[WhiteElo "2400"]
[BlackElo "2140"]
[EventDate "2011.07.09"]

1. e4 e6 2. d4 d5 3. Nd2 Nf6 4. e5 Nfd7 5. Bd3 c5 6. c3 Nc6 7. Ngf3 Qb6 8.
O-O cxd4 9. cxd4 Nxd4 10. Nxd4 Qxd4 11. Nf3 Qb6 12. Qa4 Qb4 13. Qc2 Nc5 14.
Bd2 Qa4 15. b3 Qd7 16. Bxh7 g6 17. Ng5 Ne4 18. Nxe4 dxe4 19. Bg5 Be7 20.
Rad1 Qxd1 21. Qxd1 Bxg5 22. Bxg6 fxg6 23. Qg4 Be7 24. Qxg6+ Kf8 25. Re1 Rg8
26. Qh6+ Ke8 27. Qh5+ Kd7 28. Rd1+ Kc6 29. Rc1+ Kd7 30. Qh7 Rf8 31. Rc7+
Kxc7 32. Qxe7+ 1-0

[Event "SPA Open A"]
[Site "Amsterdam NED"]
[Date "2011.07.09"]
[Round "1"]
[White "Van Der Eijk,Martijn"]
[Black "Bosboom,M"]
[Result "1/2-1/2"]
[WhiteElo "2139"]
[BlackElo "2399"]
[EventDate "2011.07.09"]

1. f4 d5 2. Nf3 Nh6 3. d3 Nc6 4. g3 Bg4 5. Bg2 Qd7 6. O-O Nf5 7. c3 e6 8.
Qe1 h5 9. e4 dxe4 10. dxe4 Bc5+ 11. Kh1 h4 12. Nxh4 Nxh4 13. gxh4 O-O-O 14.
Nd2 Rh5 15. Nf3 Qe7 16. Be3 Rdh8 17. Bxc5 Qxc5 18. Qg3 Bxf3 19. Rxf3 Rxh4
20. h3 e5 21. Qxg7 exf4 22. Rxf4 R4h7 23. Qg4+ Kb8 24. Rd1 a5 25. Qg3 Qc4
26. b3 Qe2 27. Rdf1 Nd8 28. R4f2 Qb5 29. Rf5 Qd7 30. Kh2 Ne6 31. R1f2 Rg7
32. Qe5 Rhg8 33. Qd5 Qe7 34. e5 Nd8 35. Qe4 Nc6 36. Qf4 Qe8 37. b4 axb4 38.
cxb4 Nd8 39. Qf3 Qa4 40. a3 Rg3 41. Qe4 Qxa3 42. R5f3 Rxf3 43. Rxf3 Qb2 44.
Rg3 Re8 45. h4 Rxe5 46. Qd3 Ne6 47. Rg8+ Ka7 48. Ra8+ Kb6 49. Qa6+ bxa6 50.
Rb8+ 1/2-1/2

[Event "SPA Open A"]
[Site "Amsterdam NED"]
[Date "2011.07.09"]
[Round "1"]
[White "Miedema,D"]
[Black "Markus,J"]
[Result "1/2-1/2"]
[WhiteElo "2399"]
[BlackElo "2137"]
[EventDate "2011.07.09"]

1. d4 Nf6 2. c4 c5 3. d5 e5 4. Nc3 d6 5. e4 Be7 6. Nf3 Nbd7 7. g3 a6 8. h4
h5 9. a4 b6 10. Bh3 Nf8 11. Bf5 g6 12. Bxc8 Qxc8 13. Qe2 Ng4 14. Ng5 f6 15.
f3 fxg5 16. hxg5 Nh7 17. fxg4 Qxg4 18. Qxg4 hxg4 19. a5 bxa5 20. Rxa5 Kf7
21. Ke2 Nxg5 22. Rxh8 Rxh8 23. Bxg5 Bxg5 24. Rxa6 Rh2+ 25. Kf1 Rxb2 26.
Rxd6 Rc2 27. Nb5 Rxc4 28. Rd7+ Kf8 29. Nc7 Rc1+ 30. Ke2 c4 31. Ne6+ Ke8 32.
Rc7 Rc2+ 33. Kd1 Rc1+ 1/2-1/2

[Event "SPA Open A"]
[Site "Amsterdam NED"]
[Date "2011.07.09"]
[Round "1"]
[White "Van den Berg,Ha"]
[Black "Van Assendelft,F"]
[Result "0-1"]
[WhiteElo "2136"]
[BlackElo "2393"]
[EventDate "2011.07.09"]

1. e4 c5 2. Nf3 d6 3. d4 cxd4 4. Nxd4 Nf6 5. Nc3 a6 6. Qf3 Qb6 7. Nb3 e6 8.
Be3 Qc7 9. g4 b5 10. g5 Nfd7 11. O-O-O Nc6 12. Kb1 b4 13. Ne2 Bb7 14. Qh3
Nce5 15. Ng3 Rc8 16. Rc1 Nb6 17. f4 Nec4 18. Bxb6 Nxb6 19. g6 fxg6 20.
Qxe6+ Qe7 21. Qg4 Qf7 22. Na5 h5 23. Qg5 Rc5 24. e5 Bxh1 25. Nb3 Bd5 26.
exd6 Bxd6 27. Re1+ Kd7 28. Nxc5+ Bxc5 29. Ne4 Kc6 30. Nxc5 Kxc5 31. Re7 Qf6
32. Qg1+ Kc6 33. Qe3 Rf8 34. Bxa6 Qxf4 35. Qd3 Nc4 36. Bb7+ Kb6 37. Qxg6+
Rf6 38. Qg1+ Qf2 39. Qd1 Qd2 40. Qg1+ Qf2 41. Qd1 Qd2 42. Qg1+ Rf2 43. Qg6+
Kb5 44. a4+ bxa3 45. Qa6+ Kc5 46. Rc7+ Kd4 47. Rxc4+ Ke5 48. Qb5 Qd1+ 49.
Ka2 Rxc2 50. Qe8+ Be6 51. Qb8+ Qd6 52. Qh8 Bxc4+ 53. Kb1 Qd1+ 0-1

[Event "SPA Open A"]
[Site "Amsterdam NED"]
[Date "2011.07.09"]
[Round "1"]
[White "Wiersma,E"]
[Black "Mellema,A"]
[Result "1-0"]
[WhiteElo "2390"]
[BlackElo "2131"]
[EventDate "2011.07.09"]

1. d4 Nf6 2. c4 c5 3. d5 b5 4. cxb5 a6 5. bxa6 g6 6. Nc3 Bxa6 7. e4 Bxf1 8.
Kxf1 d6 9. Nf3 Bg7 10. g3 Nbd7 11. Kg2 O-O 12. Re1 Ng4 13. Nd2 Nge5 14. Qe2
Nb6 15. a4 Qc8 16. f4 Ned7 17. a5 Qa6 18. Ra3 Qxe2+ 19. Rxe2 Rfb8 20. e5
Nc8 21. exd6 exd6 22. Re8+ Bf8 23. Nde4 Na7 24. Rxb8 Rxb8 25. g4 Be7 26.
Kf3 Nc8 27. Ke2 Bd8 28. Kd3 Ra8 29. Nb5 Ra6 30. Bd2 f5 31. gxf5 gxf5 32.
Ng3 Ne7 33. Kc4 Nf6 34. Re3 Nfxd5 35. Re6 Bxa5 36. Bxa5 Rxa5 37. Nxd6 Nb6+
38. Kd3 Nbd5 39. Kc4 Nb6+ 40. Kb3 Nbd5 41. Re5 c4+ 42. Nxc4 Rb5+ 43. Ka3
Nc6 44. Re8+ Kg7 45. Nxf5+ Kg6 46. Nfd6 Rc5 47. Ne5+ Kg7 48. Nf5+ Kf6 49.
Nd7+ 1-0

[Event "SPA Open A"]
[Site "Amsterdam NED"]
[Date "2011.07.09"]
[Round "1"]
[White "Posedaru,B"]
[Black "Edeling,J"]
[Result "1/2-1/2"]
[WhiteElo "2354"]
[BlackElo "2115"]
[EventDate "2011.07.09"]

1. d4 d6 2. c4 e5 3. d5 f5 4. e4 Nf6 5. exf5 Bxf5 6. Nc3 Na6 7. Nge2 Be7 8.
Ng3 Bg6 9. Bd3 Bxd3 10. Qxd3 O-O 11. O-O c6 12. Nf5 Qd7 13. dxc6 bxc6 14.
Bg5 Nc5 15. Qh3 Ne6 16. Bxf6 Rxf6 17. Ne4 Rg6 18. f4 d5 19. Rad1 Qc7 20.
Nxe7+ Qxe7 21. f5 Rh6 22. f6 Qf7 23. Nd6 Qd7 24. f7+ Kf8 25. Qa3 Qe7 26.
cxd5 Nd4 27. Nf5 Qxa3 28. bxa3 Nxf5 29. Rxf5 Rd8 30. Rxe5 Rxd5 31. Rdxd5
cxd5 32. Rxd5 Ra6 33. Rd3 Kxf7 34. Kf2 Ke7 35. Ke3 Rc6 36. Kd2 Rh6 37. Re3+
Kf7 38. Rf3+ Ke7 39. h3 Rd6+ 40. Kc2 Re6 41. Rg3 Kf6 42. Kd3 Rb6 43. Kc3 g5
44. a4 h6 45. a3 Rb1 46. Kd4 Rb2 47. Kd5 h5 48. Rf3+ Kg6 49. Rg3 Kf5 50.
Rf3+ Kg6 51. Rg3 Kf5 52. Rf3+ 1/2-1/2

[Event "SPA Open A"]
[Site "Amsterdam NED"]
[Date "2011.07.09"]
[Round "1"]
[White "Schneider,Ve"]
[Black "Spiler,Angelo"]
[Result "1-0"]
[WhiteElo "2331"]
[BlackElo "2111"]
[EventDate "2011.07.09"]

1. e4 c5 2. c3 d5 3. exd5 Qxd5 4. d4 Nc6 5. Nf3 Bg4 6. dxc5 Qxd1+ 7. Kxd1
e5 8. b4 Nf6 9. Nbd2 O-O-O 10. Kc2 Bf5+ 11. Kb3 Ng4 12. Bc4 Nxf2 13. Rf1
Nd3 14. Ng5 Bg6 15. Bxd3 Rxd3 16. Nxf7 Rg8 17. Nc4 Nd4+ 18. Kb2 Ne2 19.
Ncxe5 Nxc1 20. Nxg6 hxg6 21. Raxc1 Be7 22. Kc2 Re3 23. Rfe1 Rxe1 24. Rxe1
Bf6 25. Nd6+ Kc7 26. Re8 Rxe8 27. Nxe8+ Kd7 28. Nxf6+ gxf6 29. Kd3 Ke6 30.
Kd4 f5 31. c4 g5 32. a4 1-0

[Event "SPA Open A"]
[Site "Amsterdam NED"]
[Date "2011.07.09"]
[Round "1"]
[White "Hoffman,Ro"]
[Black "Afek,Y"]
[Result "1-0"]
[WhiteElo "2106"]
[BlackElo "2298"]
[EventDate "2011.07.09"]

1. d4 d5 2. Bf4 Nf6 3. Nf3 c5 4. c3 e6 5. e3 Qb6 6. Qb3 Nc6 7. Nbd2 Be7 8.
dxc5 Qxc5 9. Bd3 O-O 10. O-O Nh5 11. Bg5 Bxg5 12. Nxg5 f5 13. g4 Ne5 14.
gxh5 Nxd3 15. c4 dxc4 16. Nxc4 Qe7 17. f4 Nc5 18. Qa3 Bd7 19. Ne5 Bb5 20.
Rfc1 b6 21. Rc2 Be8 22. Rd1 Rd8 23. Rcd2 Bxh5 24. Nc6 Qc7 25. Nxd8 Rf6 26.
Ndxe6 Nxe6 27. Nxe6 Rxe6 28. Rd8+ Be8 29. Qb3 Qf7 30. Kf2 Qe7 31. Ke2 Kf8
32. Qa3 Qxa3 33. bxa3 Ke7 34. R1d2 Rg6 35. Ra8 a6 36. Ra7+ Ke6 37. Rb7 Rg1
38. Rxb6+ Ke7 39. Kf2 Rh1 40. Kg2 Rc1 41. Rxa6 Bc6+ 42. Kf2 Ke6 43. Rb2 Kd7
44. Ra5 Ke6 45. Rb6 Rc2+ 46. Ke1 1-0

[Event "SPA Open A"]
[Site "Amsterdam NED"]
[Date "2011.07.09"]
[Round "1"]
[White "Plukkel,S"]
[Black "Sanders,I"]
[Result "1/2-1/2"]
[WhiteElo "2298"]
[BlackElo "2105"]
[EventDate "2011.07.09"]

1. e4 c5 2. Nf3 d6 3. d4 cxd4 4. Nxd4 Nf6 5. Nc3 a6 6. Bg5 e6 7. f4 Be7 8.
Qf3 Qc7 9. O-O-O Nbd7 10. g4 h6 11. Qh3 Nc5 12. Bg2 Bd7 13. f5 O-O-O 14.
Bh4 Kb8 15. Qf3 Rc8 16. fxe6 fxe6 17. Rhe1 Rhf8 18. Qe2 g6 19. e5 dxe5 20.
Bg3 Bd6 21. Ndb5 Bxb5 22. Nxb5 axb5 23. Rxd6 Nfe4 24. Bxe4 Qxd6 25. Qxb5
Rfd8 26. Qa5 Nd7 27. Rd1 Qc5 28. Qxc5 Rxc5 29. Bxg6 Kc7 30. Bf7 Rc6 31. Re1
Kd6 32. Rd1+ Kc7 33. Re1 Kd6 34. Bg6 Rg8 35. Be4 Rb6 36. Rd1+ Kc7 37. h3
Ra6 38. a3 Rd6 39. Rxd6 Kxd6 40. Bxb7 h5 41. Bf3 hxg4 42. hxg4 Nf6 43. b4
Nxg4 44. c4 Ne3 45. c5+ Kd7 46. Bh2 Nc4 47. b5 Nxa3 48. Bc6+ Kc8 49. Kb2
Nxb5 50. Bxe5 Rg5 51. Bf4 Rxc5 52. Be8 e5 53. Be3 Nd4 54. Bg6 Kc7 55. Be4
Kd6 56. Bd2 Rc8 57. Be3 Ne6 58. Bf5 Rf8 59. Bg4 Rg8 60. Bf5 e4 61. Bxe4 Rg4
62. Bf5 Rg2+ 63. Kc3 Nd8 64. Bf4+ Ke7 65. Kd3 Nf7 66. Ke3 Kf6 67. Be4 Ra2
68. Bd5 Ra3+ 69. Kd4 Ra4+ 70. Ke3 Nh8 71. Be4 Ra3+ 72. Kd4 1/2-1/2

[Event "SPA Open A"]
[Site "Amsterdam NED"]
[Date "2011.07.09"]
[Round "1"]
[White "Lombaers,P"]
[Black "Schoorl,R"]
[Result "1-0"]
[WhiteElo "2097"]
[BlackElo "2262"]
[EventDate "2011.07.09"]

1. d4 d5 2. c4 c6 3. Nf3 Nf6 4. Nc3 dxc4 5. a4 Bf5 6. Ne5 Nbd7 7. Nxc4 Nb6
8. Ne5 a5 9. f3 Nfd7 10. Nxd7 Nxd7 11. e4 Bg6 12. Bc4 e6 13. O-O Bb4 14.
Be3 O-O 15. Qe2 Re8 16. Rfd1 Qc7 17. Kh1 Kh8 18. Rac1 Rad8 19. Bb3 Qb6 20.
Qf2 Bd6 21. d5 exd5 22. exd5 Rxe3 23. Qxe3 Bf4 24. Qf2 Bxc1 25. Rxc1 Ne5
26. Rd1 Nd3 27. Qd2 Qa7 28. dxc6 bxc6 29. Bc2 h6 30. Bxd3 Rxd3 31. Qe2 Re3
32. Qf2 Qc5 33. Qg1 Qe5 34. Ne4 Rb3 35. Nc5 Rxb2 36. Rd8+ Kh7 37. Nd7 Qe7
38. Nf8+ Kg8 39. Rc8 Qxf8 40. Rxf8+ Kxf8 41. Qc5+ Kg8 42. h3 Rc2 43. Qxa5
c5 44. f4 Be4 45. Kg1 Rxg2+ 46. Kf1 Ra2 47. Qb5 Kh7 48. a5 Bf5 49. Qxc5
Bxh3+ 50. Ke1 f5 51. Qb5 Kg6 52. Qd5 Ra1+ 53. Kf2 Kh5 54. Qd3 Bg4 55. a6 g6
56. Qd5 g5 57. Qf7+ Kh4 58. a7 Bh5 59. Qd5 Bf3 60. Qxf3 Rxa7 61. Qh1+ Kg4
62. Qd1+ Kh4 63. fxg5 Kxg5 64. Qd8+ Kh5 65. Qe8+ Kh4 66. Qe6 1-0

[Event "SPA Open A"]
[Site "Amsterdam NED"]
[Date "2011.07.09"]
[Round "1"]
[White "Wunnink,M"]
[Black "Haria,R"]
[Result "1/2-1/2"]
[WhiteElo "2258"]
[BlackElo "2073"]
[EventDate "2011.07.09"]

1. d4 Nf6 2. c4 c5 3. d5 b5 4. cxb5 a6 5. bxa6 g6 6. Nc3 Bxa6 7. g3 d6 8.
Bg2 Bg7 9. Nf3 Nbd7 10. Rb1 O-O 11. b3 Nb6 12. O-O Bb7 13. e4 Ba6 14. Re1
Ng4 15. Bb2 Nd7 16. Qc2 Nge5 17. Rbd1 c4 18. bxc4 Nxc4 19. Ba1 Nc5 20. Qc1
Qa5 21. Nd4 Ne5 22. Nc6 Nxc6 23. dxc6 Nd3 24. Rxd3 Bxd3 25. Nd5 e5 26. c7
Ba6 27. Ne7+ Kh8 28. Bh3 Bh6 29. f4 Qb6+ 30. Kh1 Bc8 31. Nxc8 Rfxc8 32.
Bxc8 Rxc8 33. Qb2 Qxc7 34. fxe5 dxe5 35. Qxe5+ Qxe5 36. Bxe5+ Bg7 37. Bxg7+
Kxg7 38. Re2 Kf6 39. Kg2 Ke5 1/2-1/2

[Event "SPA Open A"]
[Site "Amsterdam NED"]
[Date "2011.07.09"]
[Round "1"]
[White "Losekoot,P"]
[Black "Hendrikx,Niels"]
[Result "0-1"]
[WhiteElo "2060"]
[BlackElo "2246"]
[EventDate "2011.07.09"]

1. e4 e6 2. d4 d5 3. Nd2 Nf6 4. e5 Nfd7 5. Bd3 c5 6. c3 Nc6 7. Ngf3 Qb6 8.
O-O cxd4 9. cxd4 Nxd4 10. Nxd4 Qxd4 11. Nf3 Qb6 12. Qa4 Qb4 13. Qc2 h6 14.
a3 Qa5 15. Bd2 Qd8 16. Qa4 b6 17. Rac1 a6 18. Nd4 Bc5 19. Nxe6 fxe6 20.
Bg6+ Kf8 21. Qf4+ Nf6 22. b4 Be7 23. exf6 Bxf6 24. Rfe1 Bd7 25. Qd6+ Be7
26. Qf4+ Bf6 27. Qd6+ Be7 28. Qg3 Bf6 29. Bf4 Kg8 30. Bc7 Qe7 31. Bxb6 e5
32. Qd3 Be6 33. Rc6 e4 34. Qb3 Re8 35. Rec1 Be5 36. Bc7 Bf7 37. Bxf7+ Qxf7
38. Bxe5 Rxe5 39. Rc7 Qf5 40. Ra7 Kh7 41. Rxa6 d4 42. Qg3 e3 43. fxe3 Rxe3
44. Rxh6+ Kxh6 45. Qh4+ Qh5 46. Qxd4 Rhe8 47. Rf1 Qg5 48. h4 Qe5 49. Qb6+
Re6 50. Qd8 Re1 51. Qh8+ Kg6 0-1

[Event "SPA Open A"]
[Site "Amsterdam NED"]
[Date "2011.07.09"]
[Round "1"]
[White "Otte,Mari"]
[Black "Brookes,C"]
[Result "1/2-1/2"]
[WhiteElo "2244"]
[BlackElo "2056"]
[EventDate "2011.07.09"]

1. e4 c5 2. Nf3 d6 3. d4 cxd4 4. Nxd4 Nf6 5. Nc3 Nc6 6. Bg5 e6 7. Qd2 Be7
8. O-O-O Nxd4 9. Qxd4 O-O 10. f4 h6 11. Bh4 Qa5 12. Bc4 e5 13. fxe5 dxe5
14. Qd3 Bg4 15. Bxf6 Bxf6 16. Rdf1 Bh4 17. h3 Rad8 18. Nd5 Be6 19. g3 Bg5+
20. Kb1 Qc5 21. Bb3 f5 22. h4 Be7 23. Nxe7+ Qxe7 24. Qb5 Bxb3 25. Qxb3+ Kh8
26. exf5 Rd2 27. g4 Qc5 28. g5 e4 29. f6 gxf6 30. gxf6 e3 31. Kc1 Rf2 32.
Re1 R8xf6 33. Rxe3 Rf1+ 34. Re1 Rxh1 35. Rxh1 Rg6 36. Qd3 Rg1+ 37. Rxg1
Qxg1+ 38. Qd1 Qe3+ 39. Qd2 Qg1+ 40. Qd1 Qe3+ 41. Kb1 Qe4 42. Qd8+ Kg7 43.
b3 Kg6 44. Kb2 b6 45. c4 Qe5+ 46. Kc2 Qh2+ 47. Kc3 Qxa2 48. Qe8+ Kf6 49.
Qc6+ Kg7 50. Qd7+ Kg6 51. Qg4+ Kf6 1/2-1/2

[Event "SPA Open A"]
[Site "Amsterdam NED"]
[Date "2011.07.09"]
[Round "1"]
[White "Smit,F"]
[Black "Zult,D"]
[Result "1-0"]
[WhiteElo "2055"]
[BlackElo "2241"]
[EventDate "2011.07.09"]

1. c4 c5 2. g3 Nf6 3. Bg2 d5 4. cxd5 Nxd5 5. Nc3 Nc7 6. Nf3 Nc6 7. O-O e5
8. d3 Be7 9. Be3 Be6 10. Rc1 O-O 11. a3 Qd7 12. Re1 f6 13. Nd2 b6 14. Qa4
Nd5 15. Nxd5 Bxd5 16. Bxd5+ Qxd5 17. b4 Nd4 18. Bxd4 exd4 19. bxc5 Bxc5 20.
Nb3 Rfc8 21. Nxc5 Rxc5 22. Rxc5 Qxc5 23. Qd7 b5 24. e3 Rf8 25. exd4 Qxa3
26. Re7 Qc1+ 27. Kg2 Qg5 28. Qd6 1-0

[Event "SPA Open A"]
[Site "Amsterdam NED"]
[Date "2011.07.09"]
[Round "1"]
[White "Van Weersel,A"]
[Black "Hendriks,Th"]
[Result "1-0"]
[WhiteElo "2237"]
[BlackElo "2053"]
[EventDate "2011.07.09"]

1. e4 c5 2. Nf3 Nc6 3. d4 cxd4 4. Nxd4 e5 5. Nb5 d6 6. c4 a6 7. N5a3 Nf6 8.
Nc3 h6 9. Nc2 Be7 10. Be2 O-O 11. O-O Ne8 12. Bg4 Bg5 13. Be3 Bxe3 14. Nxe3
Nd4 15. Bxc8 Rxc8 16. Qd3 Qg5 17. Ned5 Ne6 18. Rad1 Rd8 19. a4 Kh8 20. Qg3
Nf6 21. Qxg5 hxg5 22. Nxf6 gxf6 23. Nd5 Kg7 24. Ne7 Nd4 25. Nf5+ Nxf5 26.
exf5 Rh8 27. Rd5 Rh4 28. b3 Rdh8 29. Rxd6 Rxh2 30. f3 g4 31. fxg4 R2h4 32.
Rb6 Rb8 33. c5 Rc8 34. Rc1 Rxg4 35. Rxb7 Rd8 36. Rc2 Rh4 37. c6 Rd1+ 38.
Kf2 Rhh1 39. c7 1-0

[Event "SPA Open A"]
[Site "Amsterdam NED"]
[Date "2011.07.09"]
[Round "1"]
[White "Kohler,Ar"]
[Black "Gravemaker,Wim Laurens"]
[Result "1/2-1/2"]
[WhiteElo "2225"]
[BlackElo "2047"]
[EventDate "2011.07.09"]

1. d4 d5 2. c4 e6 3. Nc3 c5 4. e3 Nc6 5. Nf3 Nf6 6. Ne5 Be7 7. cxd5 exd5 8.
Bb5 Bd7 9. Nxd7 Qxd7 10. dxc5 Bxc5 11. O-O O-O 12. a3 Rad8 13. b4 Bd6 14.
Bb2 Rfe8 15. Re1 a6 16. Bxc6 bxc6 17. h3 a5 18. bxa5 Rb8 19. Na4 Ne4 20.
Nb6 Qa7 21. Bd4 c5 22. f3 cxd4 23. fxe4 Qxa5 24. Nxd5 Rxe4 25. Nb4 Rbe8 26.
Nc6 Qg5 27. Nxd4 Bc5 28. Nf3 Rxe3 29. Rxe3 Qxe3+ 30. Kh1 Bxa3 31. Qa4 Bd6
32. Qc6 Bb8 33. Qb5 Kf8 34. Qb1 g6 35. Qb4+ Qe7 36. Qd2 Qe3 37. Qb4+ Qe7
1/2-1/2

[Event "SPA Open A"]
[Site "Amsterdam NED"]
[Date "2011.07.10"]
[Round "2"]
[White "Ootes,La"]
[Black "Reinderman,D"]
[Result "0-1"]
[WhiteElo "2376"]
[BlackElo "2618"]
[EventDate "2011.07.09"]

1. e4 e5 2. Nf3 Nc6 3. Bb5 a6 4. Ba4 Nf6 5. O-O Nxe4 6. d4 b5 7. Bb3 d5 8.
dxe5 Be6 9. Nbd2 Nc5 10. c3 Be7 11. Bc2 Bg4 12. h3 Bh5 13. b4 Ne6 14. g4
Bg6 15. Nb3 Bxc2 16. Qxc2 h5 17. Nbd4 Ncxd4 18. Nxd4 hxg4 19. Nxe6 fxe6 20.
hxg4 Kd7 21. f3 Rh3 22. Kg2 Qh8 23. Bf4 Qh4 24. Qf2 Qh7 25. Rad1 Rh8 26.
Rg1 g5 27. Rxd5+ exd5 28. e6+ Kxe6 29. Re1+ Kd7 30. Qe3 Qc2+ 31. Re2 Qxe2+
0-1

[Event "SPA Open A"]
[Site "Amsterdam NED"]
[Date "2011.07.10"]
[Round "2"]
[White "Sedlak,N"]
[Black "Schneider,Ve"]
[Result "1-0"]
[WhiteElo "2580"]
[BlackElo "2331"]
[EventDate "2011.07.09"]

1. d4 Nf6 2. c4 g6 3. Nc3 d5 4. Bg5 Ne4 5. h4 Bg7 6. cxd5 Nxc3 7. bxc3 Qxd5
8. e3 Qa5 9. Qd2 c5 10. Nf3 Nc6 11. Rb1 a6 12. Rc1 Bg4 13. Be2 cxd4 14.
cxd4 Qxd2+ 15. Nxd2 Bxe2 16. Kxe2 h6 17. Bf4 O-O 18. Rc5 Rad8 19. Rb1 Rd7
20. Nc4 Bxd4 21. Nb6 Rc7 22. Rcc1 e5 23. Nd5 exf4 24. Nxc7 fxe3 25. fxe3
Bf6 26. Rxb7 1-0

[Event "SPA Open A"]
[Site "Amsterdam NED"]
[Date "2011.07.10"]
[Round "2"]
[White "Klein,Da"]
[Black "Popovic,Du"]
[Result "0-1"]
[WhiteElo "2366"]
[BlackElo "2569"]
[EventDate "2011.07.09"]

1. e4 c5 2. Nf3 d6 3. d4 cxd4 4. Nxd4 Nf6 5. Nc3 a6 6. h3 e5 7. Nb3 h5 8.
Be3 Nbd7 9. Qf3 b5 10. O-O-O Nb6 11. Bc5 Be6 12. Na5 Qc7 13. Bb4 Rc8 14.
Rd2 d5 15. Bxf8 Kxf8 16. exd5 Nbxd5 17. Nxd5 Nxd5 18. Qa3+ Kg8 19. Nb3 Rh6
20. Be2 Nf4 21. Bf3 Bf5 22. Qa5 Qxa5 23. Nxa5 e4 24. Bd1 Nxg2 25. Nb7 Bh7
26. Nd6 Rb8 27. Rd4 Nf4 28. Re1 Nxh3 29. Nxe4 Bxe4 30. Rexe4 Nxf2 31. Re5
Nxd1 32. Kxd1 Rbb6 0-1